Statistics for Yankees Players Nicknames

Click here to take the quiz!

General Stats

  • This quiz has been taken 72 times
  • The average score is 6 of 10

Answer Stats

HintAnswer% Correct
Judge and JuryAaron Judge
100%
SevyLuis Severino
82%
The Cuban BulletAroldis Chapman
79%
324 million dollar manGerrit cole
70%
The KrakenGary Sanchez
68%
A-A RonAaron Hicks
67%
The VeteranBrett Gardner
60%
BigfootGiancarlo Stanton
56%
The 24 year old All StarGleyber Torres
54%
The ultimate Utility manDJ Lamahieu
4%

Score Distribution

Percentile by Number Answered

Percent of People with Each Score

Your Score History

You have not taken this quiz